000 00840nac a22002171u 4500
010 _a96014941
020 _a0135309247
082 0 0 _a006.67
_bH4361
090 _c598
_d598
100 _aHearn, Donald.
245 1 0 _aComputer graphics, C version /
_cDonald Hearn, M. Pauline Baker.
250 _a2nd ed.
260 _aUpper Saddle River, N.J. :
_bPrentice Hall,1997
_cc1997.
300 _axx, 652 p. :
_bill. (some col.) ;
_c27 cm.
504 _aIncludes bibliographical references (p. 626-637) and indexes.
650 0 _aComputer graphics.
650 0 _aC (Computer program language)
700 1 _aBaker, M. Pauline.
942 _cBB
_k006.67H4361
999 _c598
_d598